បញ្ហាក្សេត្រសាស្រ្ត និង សក្តានុពលភាពនៃដំណាំក្រូចពោធិសាត់នៅខេត្តបាត់ដំបង (Record no. 7906)

000 -LEADER
fixed length control field 00591nam a22001577a 4500
003 - CONTROL NUMBER IDENTIFIER
control field OSt
005 - DATE AND TIME OF LATEST TRANSACTION
control field 20160331135929.0
008 - FIXED-LENGTH DATA ELEMENTS--GENERAL INFORMATION
fixed length control field 160331b xxu||||| |||| 00| 0 eng d
040 ## - CATALOGING SOURCE
Transcribing agency RUA
082 ## - DEWEY DECIMAL CLASSIFICATION NUMBER
Classification number ATM ប៉ោ 1999 B473 Or.1
100 ## - MAIN ENTRY--PERSONAL NAME
9 (RLIN) 8265
Personal name ប៉ោ គឹមហួត
245 ## - TITLE STATEMENT
Title បញ្ហាក្សេត្រសាស្រ្ត និង សក្តានុពលភាពនៃដំណាំក្រូចពោធិសាត់នៅខេត្តបាត់ដំបង
260 ## - PUBLICATION, DISTRIBUTION, ETC. (IMPRINT)
Place of publication, distribution, etc. Phnom Penh
Name of publisher, distributor, etc. RUA
Date of publication, distribution, etc. 1999
300 ## - PHYSICAL DESCRIPTION
Extent 118p.
Other physical details ill.
Dimensions 29cm.
942 ## - ADDED ENTRY ELEMENTS (KOHA)
Source of classification or shelving scheme
Koha item type ATM
Holdings
Price effective from Date last seen Permanent Location Not for loan Date acquired Source of classification or shelving scheme Koha item type Lost status Withdrawn status Date last checked out Total Checkouts Shelving location Damaged status Barcode Current Location Full call number
2016-03-312016-07-08Library Block B 2016-03-31 ATM  2016-06-291B473 RUA010977Library Block BATM ប៉ោ 1999 B473 Or.1
2016-11-112016-11-11Library Block B 2016-11-11 ATM    B473 RUA045147Library Block BATM ប៉ោ 1999 B473 Or.2
មជ្ឈមណ្ឌលឯការនៃសាកលវិទ្យាល័យភូមិន្ទកសិកម្មចំការដូង

Powered by Koha